000 00681nam a2200217Ii 4500
003 JO-AjNU
008 230605s9999||||xx |||||||||||||| ||und||
017 _a1986/7701
020 _a977-100-080-2
040 _aJO-AjNU
_bara
_erda
_cJO-AjNU
041 _aara
050 1 4 _aLB17 1987
100 3 _aفلية، فاروق عبده,
_eauthor
_940477
245 0 0 _aالتربية وقضية الإنتاج
264 3 1 _aالقاهرة:مكتبة النهضة،1987
300 _a135ص
336 _atext
_btxt
_2rdacontent
337 _aunmediated
_bn
_2rdamedia
338 _avolume
_bnc
_2rdacarrier
650 4 _aالتربية-فلسفة-التخطيط التربوي
_940478
999 _aA17181
_c20749
_d20749